000 00362 a2200169 4500
001 47662
020 _a9788544501887
040 _cAnchieta - Aquarius
100 _aCarlos Jorge
240 1 0 _aA linha assanhada
_lpor
245 1 0 _aA linha assanhada
300 _a16
362 0 _a2019
440 1 _aDimensão
650 4 _aLiteratura infantil
942 _cBK
999 _c47662
_d47662